000 00251 a2200097 4500
020 _a9789386478115
100 _aK. Raghavendra
245 _aDesign of machine elements I(DME I)
260 _bCBS publishers & distributors pvt. ltd.
_c2020
942 _cOO
999 _c116018
_d116017